[Event "Gibraltar U12 op"]
[Site "Caleta"]
[Date "2019.08.16"]
[Round "2"]
[White "Mena Lorente, Luis"]
[Black "Ibanez Macias, Julen"]
[Result "1/2-1/2"]
[WhiteElo "1483"]
[BlackElo "1308"]
[PlyCount "135"]
[EventDate "2019.08.16"]
[EventType "swiss"]
[EventRounds "6"]
[EventCountry "GGB"]
[SourceTitle "CBM 195 Extra"]
[Source "ChessBase"]
[SourceDate "2020.05.31"]
[SourceVersion "1"]
[SourceVersionDate "2020.05.31"]
[SourceQuality "1"]

1. Nf3 Nf6 2. b3 d5 3. e3 Nc6 4. Bb5 Bd7 5. Bb2 a6 6. Bxc6 Bxc6 7. Ne5 Bb5 8. c4 Bd7 9. cxd5 Bf5 10. d3 Qxd5 11. 0-0 0-0-0 12. Na3 Bxd3 13. Qxd3 Qxd3 14. Nxd3 Rxd3 15. Rac1 e6 16. Nc4 Be7 17. Rfd1 Rhd8 18. Rxd3 Rxd3 19. Ne5 Rd2 20. Nc4 Rd3 21. Ne5 Rd5 22. Nc4 Kb8 23. Be5 b5 24. Na5 Bd6 25. Nc6+ Kc8 26. Bxd6 Rxd6 27. Ne5 Rd2 28. Ra1 Ne4 29. f3 Nc3 30. a3 Rb2 31. b4 Rb1+ 32. Rxb1 Nxb1 33. Nxf7 h6 34. Ne5 Nxa3 35. Kf2 Kb7 36. g4 Nc4 37. Nd3 Kb6 38. f4 a5 39. Ke2 a4 40. Nc1 c5 41. bxc5+ Kxc5 42. Nd3+ Kb6 43. f5 a3 44. Nc1 exf5 45. gxf5 Nd6 46. f6 gxf6 47. Kd3 Ka5 48. Kc3 Ka4 49. Nd3 Ne4+ 50. Kc2 b4 51. Nc1 h5 52. h4 f5 53. Nb3 a2 54. Kb2 Nc3 55. Nc5+ Kb5 56. Ne6 Kc4 57. Nd4 Kd3 58. Nxf5 b3 59. Nd4 Na4+ 60. Ka1 Kc3 61. Nb5+ Kb4 62. Nd4 Kc3 63. Nb5+ Kd3 64. Nd4 Kc3 65. Nb5+ Kc4 66. Nd4 b2+ 67. Kxa2 Kd3 68. Kb1 1/2-1/2